Countries Closest to England - One Minute Sprint - Statistics

General Stats
  • This quiz has been taken 59 times
  • The average score is 14 of 20
Answer Stats
km country miles % Correct
80 Belgium 50
100%
33 France 21
100%
170 Ireland 105
100%
133 Netherlands 82
96%
295 Germany 183
92%
545 Norway 339
92%
0 Scotland 0
90%
686 Spain 426
88%
0 Wales 0
88%
516 Denmark 321
81%
337 Luxembourg 210
75%
116 Northern Ireland 72
73%
574 Switzerland 357
67%
718 Austria 446
60%
715 Italy 444
42%
677 Faroe Islands 421
31%
732 Liechtenstein 455
31%
48 Isle of Man 30
25%
140 Jersey 87
25%
90 Guernsey 56
23%
No matching quizzes found
Score Distribution
Percent of People with Each Score
Percentile by Number Answered
Your Score History
You have not taken this quiz